000 00821nam a2200229Ia 4500
003 OSt
005 20220920142430.0
008 210716s2011 xx 000 0 und d
020 _a9789350233092
040 _cAIMIT LIBRARY
041 _aeng
082 _a005.448
_21
_bDUDR
100 _aDudley, Richard J.
_958010
245 _aMicrosoft azure enterprise application development :
_bstraight talking advice on how to design and build enterprise applications for the cloud /
_cBy Richard J. Dudley and Nathan A. Duchene.
250 _a1st ed.
260 _aMumbai :
_bShroff Publishers and Distributors Pvt Ltd ,
_c2011 .
300 _avi, 230p. ;
_bPB
_c23 cm.
650 _2Azure table storage
650 _2Web services and azure
700 _aDuchene, Nathan A.
_958011
942 _2ddc
_cBK
_e1st
_k005.448 DUDR
999 _c191896
_d191896